000 01038cam a2200289I 4500
001 240545
003 GBCCL
005 20241126110346.0
008 741028s1968 miu b 000 0 eng d
035 _a(OCoLC)ocm01058918
035 _a(OCoLC)1058918
040 _aINT
_beng
_cINT
_dOCLCQ
_dOCLCG
_dOKR
_dCPC
_dOCLCQ
049 _aLBBT
_v1-2
_aLBBC
_v1-2
050 1 4 _aBV4207
_b.D32
082 0 4 _a251.009
_bDAR
090 _aBV4207
_b.D32
100 1 _aDargan, Edwin Charles,
_d1852-1930.
_91158
245 1 2 _aA history of preaching.
_cIntrod. by J.B. Weatherspoon.
260 _aGrand Rapids, Mich.,
_bBaker Book House
_c[1968-70]
300 _a2 v.
_c22 cm.
490 0 _aTwin brooks series
500 _aReprint of ed. published originally 1905-1912.
504 _aIncludes bibliographical references.
505 0 _av. 1. From the Apostolic Fathers to the great reformers, A.D. 70-1572.--v. 2. From the close of the Reformation to the end of the nineteenth century, 1572-1900.
650 0 _aPreaching
_xHistory.
_91159
942 _2ddc
_cBK
999 _c797
_d797